Statistics for Marvel Comics - Top 30 most famous Villains

Click here to take the quiz!

General Stats

  • This quiz has been taken 531 times
  • The average score is 22 of 30

Answer Stats

#HintVillain% Correct
02.Adopted brother of Norse God ThorLoki
99%
04.Titan wanting the Infinity StonesThanos
96%
12.Gooey, dark Symbiote of SpidermanVenom
95%
11.Quirky robot created by Stark/BannerUltron
94%
03.Mutant that can manipulate metalsMagneto
93%
05.Leader of the Nazi-Cult HydraRed Skull
93%
13.Has 4 robotic long armsDoctor Octopus
92%
08.Cap's sidekick turned killer for HydraThe Winter Soldier
91%
14.Alien who flies with a SurfboardSilver Surfer
88%
10.Halloween-themed riding a gliderThe Green Goblin
87%
29.Can turn himself into SandSandman
86%
15.Fat Crime Lord in NYCKingpin
85%
01.Doctor who has Bots and a NationDoctor Doom
83%
20.Supervillain after electrical accidentElectro
81%
07.Devourer of entire planetsGalactus
81%
09.Shape-Changing MutantMystique
81%
23.Reptilian after failed experimentLizard
80%
22.Ultimate enemy of HulkAbomination
74%
30.Superstrong with horned animal suitRhino
72%
26.Has robotic birdwingsVulture
69%
06.Has 10 magical power ringsThe Mandarin
68%
16.Allegedly the first mutant in historyApocalypse
64%
18.Manipulated Superheroes into Civil WarBaron Zemo
64%
21.Same powers as WolverineSabretooth
63%
24.Mutant with SuperstrengthJuggernaut
55%
27.Sort of the Devil of MarvelMephisto
50%
17.Not very good at bargainingDormammu
49%
28.Robotic Mutant-hunters in the futureSentinels
46%
25.Ruler of the Negative ZoneAnnihilus
21%
19.Controls others minds for funKilgrave
17%

Score Distribution

Percentile by Number Answered

Percent of People with Each Score

Your Score History

You have not taken this quiz